| 000 | 01219nam a22003017a 4500 | ||
|---|---|---|---|
| 001 | 8167 | ||
| 003 | FISKH | ||
| 005 | 20250901091455.0 | ||
| 008 | 250901b cb ||||| |||| 00| 0 eng d | ||
| 020 | _a9781434219374 | ||
| 040 |
_aFISKH _beng _cFISKH _dFISKH |
||
| 050 | _aPZ7.K9523 K | ||
| 082 | _a741.5973 | ||
| 100 |
_aKupperberg, Paul _d(1955-) |
||
| 245 |
_aSuperman : _bThe kid who saved superman / _cWritten by Paul Upperberg ; Illustrated by Min Sung Ku And Lee Loughridge |
||
| 250 | _aThis edition first published in 2013 | ||
| 260 |
_aNew York : _bStone Arch, _c2013 |
||
| 300 |
_a47 pages : _bcolor illustrations ; _c20 cm |
||
| 505 | _aR | ||
| 520 | _aWhen a series of earthquakes ripple across the planet, a school field trip turns deadly. Students are trapped on a crumbling mountain, and only Superman can rescue them. But the tremors have exposed a large chunk of kryptonite. With the Man of Steel weakened by the radioactive rock, a student must save the day. Who will it be? | ||
| 521 | 8 |
_a690
_bLexile |
|
| 521 | 8 |
_aR
_bRaz-Plus |
|
| 650 |
_2DC Comics _aAnimals |
||
| 650 |
_2Adventure _aSuperman |
||
| 700 |
_aKu, Sung Min _dillustrator |
||
| 942 |
_2ddc _cBK _n0 |
||
| 999 |
_c8167 _d8167 |
||